书目信息 |
| 题名: |
翻译与文化研究
|
|
| 作者: | 华先发 主编 | |
| 分册: | 第十二辑 | |
| 出版信息: | 武汉 武汉大学出版社 2019.6 |
|
| 页数: | 412页 | |
| 开本: | 26cm | |
| 丛书名: | ||
| 单 册: | ||
| 中图分类: | H059-53 | |
| 科图分类: | ||
| 主题词: | 翻译--文集 | |
| 电子资源: | ||
| ISBN: | 978-7-307-20970-1 | |
| 000 | 00888nam0 2200229 450 | |
| 001 | 202019133456 | |
| 005 | 20190921113344.0 | |
| 010 | @a978-7-307-20970-1@dCNY68.00 | |
| 100 | @a20190917d2019 em y0chiy0110 ea | |
| 101 | 0 | @achi |
| 102 | @aCN@b420000 | |
| 105 | @ay z 000yy | |
| 106 | @ar | |
| 200 | 1 | @a翻译与文化研究@AFan Yi Yu Wen Hua Yan Jiu@h第十二辑@f华先发主编 |
| 210 | @a武汉@c武汉大学出版社@d2019.6 | |
| 215 | @a412页@d26cm | |
| 330 | @a本书是《翻译与文化研究》第十二辑。全书按内容分为上篇“翻译研究”和下篇“文化研究”两部分。上篇收录了“翻译理论研究”“翻译技巧与方法研究”“翻译与文化研究”和“文学翻译研究”四个专题的论文,下篇收录了“外国文学研究”“外语教学研究”和“语言与文化研究”三个专题的论文。 | |
| 606 | 0 | @a翻译@j文集 |
| 690 | @aH059-53@v5 | |
| 701 | 0 | @a华先发@AHua Xian Fa@4主编 |
| 801 | 0 | @aCN@c20190905 |
| 905 | @a河南城建学院图书馆@dH059-53@eH763:12 | |
| 翻译与文化研究.第十二辑/华先发主编.-武汉:武汉大学出版社,2019.6 |
| 412页;26cm |
| ISBN 978-7-307-20970-1:CNY68.00 |
| 本书是《翻译与文化研究》第十二辑。全书按内容分为上篇“翻译研究”和下篇“文化研究”两部分。上篇收录了“翻译理论研究”“翻译技巧与方法研究”“翻译与文化研究”和“文学翻译研究”四个专题的论文,下篇收录了“外国文学研究”“外语教学研究”和“语言与文化研究”三个专题的论文。 |
| ● |
| 相关链接 |
|
|
|
正题名:翻译与文化研究
索取号:H059-53/H763:12
 
预约/预借
| 序号 | 登录号 | 条形码 | 馆藏地/架位号 | 状态 | 备注 |
| 1 | 1440548 | 214405482 | 语言库209/209语言库 68排1列2层/ [索取号:H059-53/H763:12] | 在馆 | |
| 2 | 1440549 | 214405491 | 语言库209/209语言库 68排1列2层/ [索取号:H059-53/H763:12] | 在馆 |